| 000 | 01028cam a22003133a 4500 | ||
|---|---|---|---|
| 001 | 13677975 | ||
| 003 | OSt | ||
| 005 | 20140310182254.0 | ||
| 008 | 040308s2003 nyua j 000 1 eng d | ||
| 010 | _a 2004596324 | ||
| 020 | _a0439523265 | ||
| 035 | _a(OCoLC)ocm54617433 | ||
| 040 |
_aSO$ _cSO$ _dOCLCQ _dDLC |
||
| 042 | _alccopycat | ||
| 050 | 0 | 0 |
_aPZ 7 _b.M488 2003 |
| 082 |
_aFIC _bM46 2003 |
||
| 100 | 1 |
_aMedearis, Angela Shelf _d1956- _920250 |
|
| 245 | 1 | 0 |
_aWith friends like these, who needs enemies? / _cAngela Shelf Medearis ; illustrated by Robert Papp. |
| 260 |
_aNew York : _bScholastic, _c2003. |
||
| 300 |
_a153 p. : _bill. ; _c20 cm. |
||
| 650 | 0 |
_aMoving, Household _vJuvenile fiction. _920251 |
|
| 655 | 7 |
_aChildren's stories. _2lcsh _93012 |
|
| 700 | 1 |
_aPapp, Robert. _920252 |
|
| 710 | 2 |
_aCopyright Paperback Collection (Library of Congress) _5DLC _9705 |
|
| 906 |
_a7 _bcbc _ccopycat _d2 _encip _f20 _gy-genrareb |
||
| 942 |
_2lcc _cBK-FIC |
||
| 999 |
_c11441 _d11441 |
||